00675 2200241 4500001002100000005001500021035002000036007000300056008004100059020002200100082001100122084001700133100001900150245010300169250001000272260004100282300002500323650002800348700001900376700001600395990001100411990001100422INLIS00000000000308920190607020037 a0010-0219000031ta190607 g 0 ind  a978-979-592-772-3 a297.31 a297.31 SAY k0 aSAYYID, Uthwah1 aKisah-kisah Indah Kelembutan Allah /cSayyid Uthwah; penerjemah, Nabhani Idris; editor, Abu Aisyah acet.1 aJakarta :bPustaka Al-Kautsar,c2017 axx, 368 hlm ;c21 cm 4aISLAM.IMAN KEPADA ALLAH0 aNABHANI, Idris0 aABU, Aisyah a6482 a a6482 b